<?xml version="1.0" encoding="UTF-8"?>
<collection xmlns="http://www.loc.gov/MARC21/slim">
 <record>
  <leader>01731nam a2200229 a 4500</leader>
  <controlfield tag="001">1/46118</controlfield>
  <controlfield tag="008">160216s1964    gr            00010 gre  </controlfield>
  <datafield tag="035" ind1=" " ind2=" ">
   <subfield code="l">49092</subfield>
  </datafield>
  <datafield tag="040" ind1=" " ind2=" ">
   <subfield code="a">GR-PeUP</subfield>
  </datafield>
  <datafield tag="082" ind1="0" ind2="0">
   <subfield code="a">657 ΑΛΙ</subfield>
  </datafield>
  <datafield tag="100" ind1="1" ind2=" ">
   <subfield code="a">Αλικάκος, Δημήτριος Ν.</subfield>
  </datafield>
  <datafield tag="245" ind1="1" ind2="2">
   <subfield code="a">Η λογιστική των επιτηδευματιών και ο κώδιξ φορολογικών στοιχείων :</subfield>
   <subfield code="b">γενικαί αρχαί της λογιστικής, λογιστική των εμπορικών επιχειρήσεων, λογιστική επιτηδευματιών (Α', Β', Γ', Δ' κατηγορίας), λογιστική υποκαταστημάτων, λογιστική εταιρειών και συνεταιρισμών, λογιστική βιομηχανιών και βιοτεχνιών, λογιστική των φόρων, ο Κ.Φ.Σ. και πλήρης ερμηνεία αυτού, φορολογικοί - λογιστικοί πίνακες /</subfield>
   <subfield code="c">Δ. Αλικάκου, Ι. Πολίτη, Ν. Αλικάκου.</subfield>
  </datafield>
  <datafield tag="260" ind1="0" ind2=" ">
   <subfield code="a">Αθήναι :</subfield>
   <subfield code="b">Οικονομική &amp; Λογιστική Εγκυκλοπαίδεια,</subfield>
   <subfield code="c">1964.</subfield>
  </datafield>
  <datafield tag="300" ind1=" " ind2=" ">
   <subfield code="a">1016 σ. :</subfield>
   <subfield code="b">πίν. ;</subfield>
   <subfield code="c">24 εκ.</subfield>
  </datafield>
  <datafield tag="504" ind1=" " ind2=" ">
   <subfield code="a">Περιέχει βιβλιογραφικές αναφορές.</subfield>
  </datafield>
  <datafield tag="650" ind1=" " ind2="4">
   <subfield code="a">Λογιστική.</subfield>
  </datafield>
  <datafield tag="650" ind1=" " ind2="4">
   <subfield code="a">Accounting.</subfield>
  </datafield>
  <datafield tag="650" ind1=" " ind2="4">
   <subfield code="a">Φορολογία</subfield>
   <subfield code="x">Δίκαιο και νομοθεσία.</subfield>
  </datafield>
  <datafield tag="650" ind1=" " ind2="4">
   <subfield code="a">Taxation</subfield>
   <subfield code="x">Law and legislation.</subfield>
  </datafield>
  <datafield tag="700" ind1="1" ind2=" ">
   <subfield code="a">Πολίτης, Ιωάννης.</subfield>
  </datafield>
  <datafield tag="700" ind1="1" ind2=" ">
   <subfield code="a">Αλικάκος, Νικόλαος Δ.</subfield>
  </datafield>
  <datafield tag="852" ind1=" " ind2=" ">
   <subfield code="a">INST</subfield>
   <subfield code="b">UNIPILB</subfield>
   <subfield code="c">MAIN</subfield>
   <subfield code="e">20160216</subfield>
   <subfield code="h">657 ΑΛΙ</subfield>
   <subfield code="p">00173729</subfield>
   <subfield code="q">00173729</subfield>
   <subfield code="t">CLOCOL</subfield>
   <subfield code="y">23</subfield>
   <subfield code="4">1</subfield>
  </datafield>
 </record>
</collection>
